000 00318nam a2200145Ia 4500
100 _aSatish kumar
942 _cBK
654 _aneural networks
245 _aNeural netwoarks:A Classroom approach
260 _bTata Mc Graw hill
_c2004
082 _a4.65
_bSAT
300 _a736
546 _aENGLISH
999 _c21932
_d21932